[Event "Pivdenny Bank Cup"]
[Site "Odessa UKR"]
[Date "2007.07.05"]
[Round "6"]
[White "Smirin, I."]
[Black "Gelfand, B."]
[Result "1/2-1/2"]
[WhiteElo "2650"]
[BlackElo "2733"]
[PlyCount "83"]
[EventDate "2007.07.04"]
[Source "www.chesslib.no"]
[SourceDate "2004.05.04"]

1. e4 c5 2. Nf3 d6 3. d4 cxd4 4. Nxd4 Nf6 5. Nc3 a6 6. f4 e5 7. Nf3 Nbd7 8. a4 Be7 9. Bc4 O-O 10. O-O exf4 11. Bxf4 Qb6+ 12. Qd4 d5 13. Qxb6 Nxb6 14. Bxd5 Nbxd5 15. exd5 Bb4 16. Rad1 Bf5 17. Be5 Bxc2 18. Rd2 Bxc3 19. Bxc3 Bxa4 20. Bxf6 gxf6 21. Nh4 Rfd8 22. Rxf6 Rac8 23. Nf5 Rc1+ 24. Kf2 Bc2 25. Ne3 Bg6 26. Rb6 Rd7 27. Ng4 Kg7 28. Ne5 Re7 29. d6 Rxe5 30. d7 Rf5+ 31. Kg3 Rg5+ 32. Kf2 Rf5+ 33. Ke3 Re1+ 34. Kd4 Rf4+ 35. Kd5 Rf5+ 36. Kd6 Rf6+ 37. Kc7 Rc1+ 38. Kb8 Rxb6 39. d8=Q Rcc6 40. Qd4+ Kg8 41. Re2 Re6 42. Rxe6 1/2-1/2

[Event "Sicilian"]
[Site "Buenos Aires Sicilian"]
[Date "1994.??.??"]
[Round "13"]
[White "Anand, Viswanathan"]
[Black "Polgar, Judit"]
[Result "1-0"]
[WhiteElo "2715"]
[BlackElo "2630"]
[PlyCount "45"]
[EventDate "1994.??.??"]
[Source "www.chesslib.no"]
[SourceDate "2004.05.04"]

1. e4 c5 2. Nf3 d6 3. d4 cxd4 4. Nxd4 Nf6 5. Nc3 a6 6. f4 Nbd7 7. Nf3 Qc7 8. a4 g6 9. Bd3 Bg7 10. O-O O-O 11. Kh1 b6 12. Qe1 Bb7 13. Qh4 e6 14. f5 Rae8 15. Ng5 d5 16. Rf4 e5 17. Rf3 dxe4 18. Ncxe4 Bxe4 19. Bxe4 Qd6 20. Rd3 Nc5 21. Rd1 Rd8 22. Bf3 Bh6 23. Qxh6 1-0

[Event "RUS"]
[Site "?"]
[Date "2006.04.26"]
[Round "7"]
[White "Tiviakov Sergei"]
[Black "Karjakin Sergey"]
[Result "1/2-1/2"]
[WhiteElo "2669"]
[BlackElo "2661"]
[PlyCount "47"]
[EventDate "2006.??.??"]
[Source "www.chesslib.no"]
[SourceDate "2004.05.04"]

1. e4 c5 2. Nf3 d6 3. d4 cxd4 4. Nxd4 Nf6 5. Nc3 a6 6. f4 e5 7. Nf3 Nbd7 8. a4 Be7 9. Bd3 O-O 10. O-O Nc5 11. Kh1 d5 12. Nxe5 Nfxe4 13. Bxe4 dxe4 14. Qe2 f6 15. Rd1 Qe8 16. Nc4 Be6 17. Nxe4 Qc6 18. Nxc5 Bxc5 19. Na5 Qb6 20. Nxb7 Rfe8 21. Nxc5 Qxc5 22. Be3 Bf5 23. Ra3 Qxc2 24. Qxc2 1/2-1/2

[Event "Monaco MNC"]
[Site "Monaco MNC"]
[Date "1995.??.??"]
[Round "?"]
[White "Polgar, Judit"]
[Black "Ivanchuk, Vassily"]
[Result "1-0"]
[WhiteElo "2630"]
[BlackElo "2700"]
[PlyCount "50"]
[EventDate "1995.??.??"]
[Source "www.chesslib.no"]
[SourceDate "2004.05.04"]

1. e4 c5 2. Nf3 d6 3. d4 cxd4 4. Nxd4 Nf6 5. Nc3 a6 6. f4 e5 7. Nf3 Nbd7 8. a4 Be7 9. Bd3 O-O 10. O-O Nc5 11. Kh1 exf4 12. Bxf4 Bg4 13. Qe1 Re8 14. Rd1 Qa5 15. Qg3 Rad8 16. Rg1 Qb6 17. Bxd6 Qc7 18. Bf1 b5 19. Bxb5 Nd3 20. Rdf1 Rc8 21. Rf2 Nf4 22. Ra1 Nh3 23. Rff1 Bd7 24. Bxd7 Nxe4 25. a5 Qb7 1-0

[Event "Paernu"]
[Site "?"]
[Date "1996.??.??"]
[Round "?"]
[White "Ehlvest, J."]
[Black "Short, N."]
[Result "0-1"]
[WhiteElo "2660"]
[BlackElo "2665"]
[PlyCount "80"]
[EventDate "1996.??.??"]
[Source "ChessBase"]
[SourceDate "1996.02.01"]

1. e4 c5 2. Nf3 d6 3. d4 cxd4 4. Nxd4 Nf6 5. Nc3 a6 6. Be2 Nbd7 7. f4 g6 8. O-O Bg7 9. Bf3 O-O 10. Kh1 e6 11. Nb3 Qc7 12. Be3 Nb6 13. Nd2 Rd8 14. a4 Rb8 15. Qe2 Bd7 16. a5 Nc8 17. Rfd1 Bc6 18. Nb3 Re8 19. Bd4 Nd7 20. Bxg7 Kxg7 21. Qd2 e5 22. f5 Nf6 23. Nc1 b5 24. axb6 Rxb6 25. Nb3 Ba8 26. Rf1 Ne7 27. Ra4 Rd8 28. Qf2 d5 29. Nxd5 Nexd5 30. exd5 Bxd5 31. Bxd5 Rxd5 32. fxg6 hxg6 33. Qe2 e4 34. Rc4 Qe5 35. Rc3 Rbd6 36. g3 a5 37. Ra1 Qg5 38. Rc4 Rd2 39. h4 Qxh4+ 40. gxh4 Rxe2 0-1

[Event "Wijk aan Zee"]
[Site "?"]
[Date "1996.??.??"]
[Round "?"]
[White "Leko, P."]
[Black "Gelfand, B."]
[Result "1/2-1/2"]
[WhiteElo "2625"]
[BlackElo "2700"]
[PlyCount "36"]
[EventDate "1996.??.??"]
[Source "ChessBase"]
[SourceDate "1995.10.01"]

1. e4 c5 2. Nf3 d6 3. d4 cxd4 4. Nxd4 Nf6 5. Nc3 a6 6. f4 e5 7. Nf3 Nbd7 8. a4 Be7 9. Bc4 Qa5 10. Qe2 O-O 11. O-O exf4 12. Bxf4 Ne5 13. Nd5 Nxd5 14. Bxd5 Nxf3+ 15. Qxf3 Be6 16. Bxe6 fxe6 17. Qb3 Qc5+ 18. Kh1 Qc8 1/2-1/2

[Event "Frankfurt-West Masters"]
[Site "Frankfurt"]
[Date "1999.06.29"]
[Round "1"]
[White "Lutz, Christopher"]
[Black "Svidler, Peter"]
[Result "0-1"]
[WhiteElo "2610"]
[BlackElo "2713"]
[PlyCount "71"]
[EventDate "1999.06.29"]
[Source "ChessBase"]
[SourceDate "1999.10.01"]

1. e4 c5 2. Nf3 d6 3. d4 cxd4 4. Nxd4 Nf6 5. Nc3 a6 6. f4 g6 7. Be2 Bg7 8. O-O O-O 9. Kh1 Nbd7 10. a4 Qc7 11. a5 b5 12. axb6 Nxb6 13. Nb3 Bb7 14. Bd3 Nfd7 15. Qe2 Rfc8 16. Ra2 Nc4 17. Nd5 Bxd5 18. exd5 Nf6 19. Qf3 Nb6 20. Rxa6 Rxa6 21. Bxa6 Rb8 22. Bd3 Nbxd5 23. Bd2 Nb4 24. Bxb4 Rxb4 25. f5 d5 26. fxg6 hxg6 27. Qf2 e6 28. g3 Ng4 29. Qe1 Rb6 30. Qe2 Ne5 31. Rb1 Nc4 32. Bxc4 dxc4 33. Nd2 c3 34. Ne4 Qc6 35. Kg1 Rb4 36. Ra1 0-1

[Event "Chess@iceland-B"]
[Site "Kopavogur"]
[Date "2000.04.01"]
[Round "5"]
[White "Arnason, Jon L"]
[Black "Anand, Viswanathan"]
[Result "1/2-1/2"]
[WhiteElo "2528"]
[BlackElo "2769"]
[PlyCount "52"]
[EventDate "2000.04.01"]
[Source "www.chesslib.no"]
[SourceDate "2004.05.04"]

1. e4 c5 2. Nf3 d6 3. d4 cxd4 4. Nxd4 Nf6 5. Nc3 a6 6. f4 e5 7. Nf3 Nbd7 8. a4 Be7 9. Bd3 O-O 10. O-O Nc5 11. Kh1 exf4 12. Bxf4 Bg4 13. Qd2 Rc8 14. Nd4 Ne6 15. Be3 Nxd4 16. Bxd4 Be6 17. a5 Nd7 18. Na4 Bf6 19. Bxf6 Nxf6 20. Nb6 Rc6 21. Rad1 Nd7 22. Nxd7 Qxd7 23. e5 dxe5 24. Bxh7+ Kxh7 25. Qxd7 Bxd7 26. Rxd7 Rxc2 1/2-1/2

[Event "Beograd"]
[Site "?"]
[Date "1995.??.??"]
[Round "?"]
[White "Leko, P."]
[Black "Gelfand, B."]
[Result "0-1"]
[WhiteElo "2605"]
[BlackElo "2685"]
[PlyCount "80"]
[EventDate "1995.??.??"]
[Source "ChessBase"]
[SourceDate "1995.10.01"]

1. e4 c5 2. Nf3 d6 3. d4 cxd4 4. Nxd4 Nf6 5. Nc3 a6 6. f4 e5 7. Nf3 Nbd7 8. a4 Be7 9. Bd3 O-O 10. O-O exf4 11. Bxf4 Qb6+ 12. Kh1 Qxb2 13. Nd5 Nxd5 14. exd5 Nc5 15. Qe2 Nxd3 16. Qxd3 Qb4 17. Bg5 Bxg5 18. Nxg5 Qh4 19. Ne4 Rd8 20. Qe3 f5 21. Nxd6 Qf6 22. Nc4 Bd7 23. Nb6 f4 24. Qb3 Rab8 25. Rae1 Bg4 26. h3 Bh5 27. c4 f3 28. c5 Re8 29. d6+ Kh8 30. Rxe8+ Rxe8 31. gxf3 Qh4 32. f4 Re1 33. Rxe1 Qxe1+ 34. Kg2 Bg6 35. f5 Bxf5 36. Qb2 Be4+ 37. Kh2 Qh1+ 38. Kg3 Qf3+ 39. Kh2 Qf4+ 40. Kg1 Qg3+ 0-1

[Event "Beograd"]
[Site "?"]
[Date "1995.??.??"]
[Round "?"]
[White "Ljubojevic, Lj"]
[Black "Gelfand, B."]
[Result "1/2-1/2"]
[WhiteElo "2600"]
[BlackElo "2685"]
[PlyCount "49"]
[EventDate "1995.??.??"]
[Source "ChessBase"]
[SourceDate "1995.10.01"]

1. e4 c5 2. Nf3 d6 3. d4 cxd4 4. Nxd4 Nf6 5. Nc3 a6 6. f4 Nbd7 7. Qf3 e5 8. Nf5 b5 9. a3 Bb7 10. Bd3 g6 11. Ne3 exf4 12. Qxf4 Ne5 13. a4 b4 14. Ncd5 Bxd5 15. exd5 b3 16. Nc4 Nh5 17. Qe3 Bg7 18. cxb3 O-O 19. Nxe5 Bxe5 20. O-O f5 21. a5 Qh4 22. Qh3 Qd4+ 23. Qe3 Qh4 24. Qh3 Qd4+ 25. Qe3 1/2-1/2

[Event "Groningen"]
[Site "?"]
[Date "1995.??.??"]
[Round "?"]
[White "Svidler, P."]
[Black "Lautier, J."]
[Result "1-0"]
[WhiteElo "2635"]
[BlackElo "2645"]
[PlyCount "79"]
[EventDate "1995.??.??"]
[Source "ChessBase"]
[SourceDate "1995.10.01"]

1. e4 c5 2. Nf3 d6 3. d4 cxd4 4. Nxd4 Nf6 5. Nc3 a6 6. f4 Nbd7 7. a4 g6 8. Nf3 Qc7 9. Bd3 Bg7 10. O-O O-O 11. Qe1 e6 12. Qh4 b6 13. Be3 Bb7 14. Rae1 Rae8 15. Bd4 e5 16. fxe5 dxe5 17. Be3 Nh5 18. Nd2 Nc5 19. Bc4 Nf4 20. b3 Kh8 21. Nf3 Nce6 22. Nd5 Nxd5 23. exd5 Nf4 24. d6 Qc6 25. Bxf4 exf4 26. Qxf4 b5 27. axb5 axb5 28. Bd3 Qc5+ 29. Kh1 Bxf3 30. Qxf3 Rd8 31. Qb7 Rxd6 32. Rxf7 Rb6 33. Qa7 Qb4 34. Ref1 Rxf7 35. Rxf7 Qe1+ 36. Rf1 Qe6 37. Qc7 Bf6 38. c4 bxc4 39. Bxc4 Qc6 40. Qf7 1-0

[Event "Jugoslavija"]
[Site "?"]
[Date "1997.??.??"]
[Round "?"]
[White "Sokolov, An"]
[Black "Gelfand, B."]
[Result "1/2-1/2"]
[WhiteElo "2580"]
[BlackElo "2700"]
[PlyCount "79"]
[EventDate "1997.??.??"]
[Source "ChessBase"]
[SourceDate "1997.02.01"]

1. e4 c5 2. Nf3 d6 3. d4 cxd4 4. Nxd4 Nf6 5. Nc3 a6 6. f4 e5 7. Nf3 Nbd7 8. a4 Be7 9. Bd3 O-O 10. O-O exf4 11. Kh1 Nh5 12. Nd4 Ndf6 13. Be2 g6 14. Bxh5 Nxh5 15. Nd5 Bg5 16. Nxf4 Nxf4 17. Bxf4 Bxf4 18. Rxf4 d5 19. Qf3 dxe4 20. Qxe4 f5 21. Qe3 Re8 22. Qb3+ Kh8 23. Nf3 Qc7 24. Rc4 Qg7 25. Qb6 Be6 26. Rc7 Re7 27. Rxe7 Qxe7 28. Re1 Re8 29. h3 Qd7 30. Ng5 Bf7 31. Nxf7+ Qxf7 32. Rxe8+ Qxe8 33. Qxb7 Qxa4 34. Qf7 Qb4 35. Qf6+ Kg8 36. Qxa6 Qe1+ 37. Kh2 Qe5+ 38. Kh1 Qe1+ 39. Kh2 Qe5+ 40. Kh1 1/2-1/2

[Event "Beograd"]
[Site "?"]
[Date "1995.??.??"]
[Round "?"]
[White "Leko, P."]
[Black "Topalov, Veselin"]
[Result "1-0"]
[WhiteElo "2605"]
[BlackElo "2670"]
[PlyCount "115"]
[EventDate "1995.??.??"]
[Source "ChessBase"]
[SourceDate "1995.10.01"]

1. e4 c5 2. Nf3 d6 3. d4 cxd4 4. Nxd4 Nf6 5. Nc3 a6 6. f4 Nbd7 7. Be2 g6 8. O-O Bg7 9. a4 O-O 10. Bf3 e5 11. fxe5 Nxe5 12. Kh1 h6 13. Bf4 Bd7 14. Be2 Rc8 15. Qd2 Kh7 16. Rad1 Bg4 17. Bxg4 Nfxg4 18. Nd5 Nc4 19. Qe2 Nge5 20. b3 Nb6 21. Nf3 Nxd5 22. Rxd5 Qc7 23. c4 Rce8 24. Rfd1 Qb6 25. Bxe5 dxe5 26. Qd3 Re7 27. Rd6 Qc5 28. h3 Rb8 29. Qc3 Rc8 30. R6d5 Qc6 31. Qb4 Qe8 32. Qb6 f5 33. Re1 Qf7 34. exf5 Qxf5 35. Nd2 Rf8 36. Ne4 Qh5 37. Kg1 Rf4 38. Qe3 Qf5 39. b4 Qe6 40. b5 axb5 41. axb5 Ref7 42. Qd3 Qb6+ 43. c5 Qa5 44. Qe2 Qb4 45. Kh2 Re7 46. Rdd1 Qa4 47. Ra1 Qd4 48. Rad1 Qb4 49. Rb1 Qd4 50. Rbc1 Rc7 51. Rc4 Qd7 52. Rb1 Bf8 53. Kh1 Rc8 54. Qc2 Rf7 55. c6 bxc6 56. Rxc6 Rxc6 57. bxc6 Qa7 58. Qc4 1-0

[Event "Yerevan (ol)"]
[Site "?"]
[Date "1996.??.??"]
[Round "?"]
[White "Almasi, Z."]
[Black "Oll, L."]
[Result "0-1"]
[WhiteElo "2655"]
[BlackElo "2620"]
[PlyCount "100"]
[EventDate "1996.??.??"]
[Source "ChessBase"]
[SourceDate "1996.06.01"]

1. e4 c5 2. Nf3 d6 3. d4 cxd4 4. Nxd4 Nf6 5. Nc3 a6 6. f4 e5 7. Nf3 Nbd7 8. a4 Be7 9. Bd3 O-O 10. O-O Nc5 11. Kh1 exf4 12. Bxf4 Bg4 13. Qd2 Bh5 14. Rae1 Bg6 15. b4 Nxd3 16. cxd3 d5 17. e5 Ne8 18. Bg5 Nc7 19. Bxe7 Qxe7 20. Ne2 a5 21. bxa5 Ne6 22. Nfd4 Nxd4 23. Nxd4 Qa3 24. Nf5 Bxf5 25. Rxf5 Qxa4 26. Ref1 Rxa5 27. R5f4 Qb5 28. e6 f6 29. Rg4 Ra4 30. Rxa4 Qxa4 31. Qe3 Re8 32. Re1 Qc6 33. h3 Qd6 34. d4 b5 35. Qb3 Rxe6 36. Rxe6 Qxe6 37. Qxb5 h5 38. Qb8+ Kh7 39. Qc7 h4 40. Qc3 Qe4 41. Kg1 g5 42. Kf2 Kg6 43. Qc5 Qe6 44. Kf3 f5 45. Kf2 g4 46. hxg4 fxg4 47. Kg1 Kh5 48. Qc1 Qe4 49. Qd1 h3 50. gxh3 Qe3+ 0-1

[Event "Tilburg"]
[Site "?"]
[Date "1996.??.??"]
[Round "?"]
[White "Polgar, Judit"]
[Black "Van Wely, L."]
[Result "1/2-1/2"]
[WhiteElo "2665"]
[BlackElo "2605"]
[PlyCount "77"]
[EventDate "1996.??.??"]
[Source "ChessBase"]
[SourceDate "1996.10.01"]

1. e4 c5 2. Nf3 d6 3. d4 cxd4 4. Nxd4 Nf6 5. Nc3 a6 6. f4 Qc7 7. Bd3 g6 8. O-O Bg7 9. Nf3 Nbd7 10. a4 b6 11. Qe2 Bb7 12. Bd2 O-O 13. Rae1 e6 14. Kh1 Nc5 15. b4 Nxd3 16. cxd3 Rac8 17. Rc1 Qe7 18. e5 dxe5 19. fxe5 Nd5 20. Ne4 h6 21. Rc4 b5 22. axb5 axb5 23. Rxc8 Rxc8 24. Nd6 Rf8 25. d4 Bc6 26. Qe1 Nb6 27. Qc1 Nc4 28. Nxc4 bxc4 29. Qxc4 Qb7 30. Qc3 Ra8 31. h3 Bf8 32. Kg1 Ra2 33. Rf2 Qb5 34. Be1 Ra4 35. Qc1 Bxb4 36. Bxb4 Rxb4 37. Qxh6 Bxf3 38. Rxf3 Qd5 39. Qf4 1/2-1/2

[Event "Pardubice"]
[Site "Pardubice"]
[Date "1993.??.??"]
[Round "1"]
[White "Dolmatov, Sergey"]
[Black "Hodgson, Julian M"]
[Result "1/2-1/2"]
[WhiteElo "2630"]
[BlackElo "2625"]
[PlyCount "81"]
[EventDate "1993.07.??"]
[Source "ChessBase"]

1. e4 c5 2. Nf3 d6 3. d4 cxd4 4. Nxd4 Nf6 5. Nc3 a6 6. Be2 Nbd7 7. Be3 g6 8. f4 Bg7 9. O-O O-O 10. a4 Re8 11. Kh1 b6 12. e5 dxe5 13. Nc6 Qc7 14. fxe5 Nxe5 15. Nxe5 Qxe5 16. Bxb6 h5 17. Bf3 Rb8 18. Re1 Qf4 19. a5 Ng4 20. Bg1 Bxc3 21. bxc3 Bb7 22. Bxb7 Rxb7 23. Qe2 Qd6 24. h3 Nh6 25. Bb6 Nf5 26. Qxa6 Qc6 27. Rad1 Reb8 28. Qd3 h4 29. c4 Rxb6 30. axb6 Qxb6 31. Qc3 Rc8 32. Rd2 Kh7 33. Qd3 Qc5 34. Qd5 Qxc4 35. Qxc4 Rxc4 36. Kg1 Kg7 37. Kf2 Kf6 38. Ke2 Rc3 39. Kd1 g5 40. Rd3 Rc4 41. Kd2 1/2-1/2

[Event "Beograd"]
[Site "?"]
[Date "1995.??.??"]
[Round "?"]
[White "Leko, P."]
[Black "Lautier, J."]
[Result "1/2-1/2"]
[WhiteElo "2605"]
[BlackElo "2645"]
[PlyCount "64"]
[EventDate "1995.??.??"]
[Source "ChessBase"]
[SourceDate "1995.10.01"]

1. e4 c5 2. Nf3 d6 3. d4 cxd4 4. Nxd4 Nf6 5. Nc3 a6 6. f4 Nbd7 7. Be2 g6 8. O-O Bg7 9. a4 O-O 10. Kh1 Re8 11. Bf3 e5 12. Nb3 exf4 13. Bxf4 Ne5 14. Be2 Be6 15. Bg5 h6 16. Bh4 Rc8 17. Nd4 Nc4 18. Nxe6 Rxe6 19. Bxc4 Rxc4 20. Qd3 Rc8 21. Rad1 Qe8 22. Bxf6 Bxf6 23. Nd5 Bg7 24. Qb3 Rxe4 25. Qxb7 Rxc2 26. Qxa6 Rxa4 27. Qxd6 Qe4 28. Rg1 Rd4 29. Qd8+ Kh7 30. Nf6+ Bxf6 31. Qxf6 Rxd1 32. Qxf7+ Kh8 1/2-1/2

[Event "Leningrad"]
[Site "?"]
[Date "1987.??.??"]
[Round "?"]
[White "Sokolov, A."]
[Black "Chandler, M."]
[Result "1-0"]
[WhiteElo "2645"]
[BlackElo "2595"]
[PlyCount "69"]
[EventDate "1987.??.??"]
[Source "ChessBase"]
[SourceDate "1987.01.01"]

1. e4 c5 2. Nf3 d6 3. d4 cxd4 4. Nxd4 Nf6 5. Nc3 a6 6. f4 Qc7 7. Be2 g6 8. g4 Bg7 9. g5 Nfd7 10. Nd5 Qd8 11. Be3 e6 12. Nc3 Nb6 13. Qd2 d5 14. O-O-O O-O 15. e5 N8d7 16. h4 Qc7 17. h5 Re8 18. Rh3 Nc4 19. Bxc4 Qxc4 20. Rdh1 b5 21. hxg6 fxg6 22. Rxh7 Nf8 23. Rxg7+ Kxg7 24. b3 Qc7 25. Qh2 Kf7 26. Qh7+ Nxh7 27. Rxh7+ Kf8 28. Rxc7 Re7 29. Rc6 Bd7 30. Rb6 Ke8 31. Nd1 Kd8 32. Nf2 Kc7 33. Rd6 a5 34. Nd3 a4 35. Nc5 1-0

[Event "Elenite"]
[Site "Elenite"]
[Date "1994.??.??"]
[Round "8"]
[White "Smirin, Ilia"]
[Black "Azmaiparashvili, Zurab"]
[Result "0-1"]
[WhiteElo "2615"]
[BlackElo "2625"]
[PlyCount "92"]
[EventDate "1994.??.??"]
[Source "ChessBase"]

1. e4 c5 2. Nf3 d6 3. d4 cxd4 4. Nxd4 Nf6 5. Nc3 a6 6. f4 Qb6 7. Nb3 Nc6 8. Nd5 Nxd5 9. exd5 Na5 10. Qd4 Qxd4 11. Nxd4 e5 12. Nb3 b6 13. Be3 exf4 14. Bxb6 Nb7 15. O-O-O Be7 16. Re1 Kf8 17. Nd4 Bf6 18. Nc6 Bf5 19. b4 g6 20. Bd4 Kg7 21. Kb2 a5 22. a3 axb4 23. axb4 Rhe8 24. Bb5 Be4 25. Bxf6+ Kxf6 26. Nd4 Re5 27. Nf3 Bxd5 28. Nxe5 dxe5 29. c4 Bxg2 30. Rhg1 Bh3 31. Ra1 Rc8 32. Ra6+ Be6 33. Re1 g5 34. Rb6 Rc7 35. Kc3 g4 36. Rc6 Re7 37. c5 h5 38. Bc4 h4 39. b5 f3 40. Bxe6 fxe6 41. Rc8 f2 42. Rf1 g3 43. hxg3 hxg3 44. b6 Kg6 45. Rf8 Nxc5 46. Kc4 Ne4 0-1

[Event "Hrvatska"]
[Site "?"]
[Date "1996.??.??"]
[Round "?"]
[White "Almasi, Z."]
[Black "Lalic, B."]
[Result "1/2-1/2"]
[WhiteElo "2650"]
[BlackElo "2575"]
[PlyCount "44"]
[EventDate "1996.??.??"]
[Source "ChessBase"]
[SourceDate "1996.02.01"]

1. e4 c5 2. Nf3 d6 3. d4 cxd4 4. Nxd4 Nf6 5. Nc3 a6 6. f4 Qc7 7. Bd3 g6 8. O-O Bg7 9. Nf3 Nbd7 10. Qe1 b5 11. e5 dxe5 12. fxe5 Ng4 13. e6 fxe6 14. Qh4 Nde5 15. Nxe5 Nxe5 16. Be4 Bb7 17. Bh6 Bxh6 18. Qxh6 Bxe4 19. Nxe4 Ng4 20. Qf4 Qxf4 21. Rxf4 Ne3 22. c3 e5 1/2-1/2

[Event "Tilburg"]
[Site "?"]
[Date "1992.??.??"]
[Round "?"]
[White "Adams, M."]
[Black "Georgiev, Ki"]
[Result "1/2-1/2"]
[WhiteElo "2610"]
[BlackElo "2610"]
[PlyCount "161"]
[EventDate "1992.??.??"]
[Source "ChessBase"]
[SourceDate "1992.10.01"]

1. e4 c5 2. Nf3 d6 3. d4 Nf6 4. Nc3 cxd4 5. Nxd4 a6 6. f4 g6 7. Nf3 Bg7 8. Bd3 O-O 9. O-O b5 10. a3 Bb7 11. Qe1 Nbd7 12. Qh4 a5 13. f5 b4 14. Ne2 b3 15. Nc3 Ba6 16. Bxa6 Rxa6 17. cxb3 Qb6+ 18. Kh1 Qxb3 19. Rb1 Rc8 20. Bh6 Bh8 21. h3 Qb7 22. Be3 Rc4 23. Nd2 Rc8 24. Nf3 Bg7 25. Bd4 Raa8 26. e5 dxe5 27. Nxe5 Nxe5 28. Bxe5 Rd8 29. Rbe1 Rd2 30. Ne4 Nxe4 31. Qxe4 Qxe4 32. Rxe4 Bxe5 33. Rxe5 Ra7 34. Rfe1 Kf8 35. b3 Rf2 36. fxg6 hxg6 37. R5e2 Rf6 38. Rb2 Rb6 39. Kg1 f6 40. Kf2 Kf7 41. b4 axb4 42. axb4 Rd7 43. Reb1 Rb5 44. Ke3 e5 45. h4 f5 46. g3 Kg7 47. Rb3 Kh6 48. Kf3 Kh5 49. R1b2 Rc7 50. Ra3 Rc4 51. Ra7 Kh6 52. Ra4 Rd4 53. Kg2 e4 54. Ra5 Rbxb4 55. Rxb4 Rxb4 56. Re5 Rb2+ 57. Kh3 Rb3 58. Re7 Rc3 59. Kg2 Kh5 60. Rg7 Rf3 61. Kh3 Kh6 62. Rf7 Rf2 63. Re7 Re2 64. Rf7 Re1 65. Kg2 Ra1 66. Re7 Ra3 67. Rf7 Rd3 68. Re7 Rd8 69. Kh3 Rd6 70. Kg2 Rd2+ 71. Kh3 g5 72. g4 Rd3+ 73. Kg2 Rd2+ 74. Kh3 fxg4+ 75. Kxg4 Rg2+ 76. Kh3 Re2 77. Re5 gxh4 78. Kxh4 Kg6 79. Kg3 Kf6 80. Ra5 e3 81. Kf3 1/2-1/2

[Event "Horgen-B"]
[Site "Horgen"]
[Date "1995.??.??"]
[Round "8"]
[White "Almasi, Zoltan"]
[Black "Van Wely, Loek"]
[Result "1/2-1/2"]
[WhiteElo "2630"]
[BlackElo "2585"]
[PlyCount "96"]
[EventDate "1995.10.??"]
[Source "ChessBase"]

1. e4 c5 2. Nf3 d6 3. d4 cxd4 4. Nxd4 Nf6 5. Nc3 a6 6. f4 Qc7 7. Bd3 g6 8. O-O Bg7 9. Nf3 Nbd7 10. Qe1 b5 11. a3 Bb7 12. Kh1 Nc5 13. Bd2 e5 14. b4 Nxd3 15. cxd3 exf4 16. Rc1 Qe7 17. Bxf4 O-O 18. Qh4 Qd7 19. Bg5 Ng4 20. h3 Ne5 21. Bh6 Nxf3 22. Rxf3 f5 23. Bxg7 Qxg7 24. Rff1 Rac8 25. Nd5 Bxd5 26. exd5 Rxc1 27. Rxc1 Re8 28. d4 Qf7 29. Rc6 f4 30. Rxd6 f3 31. Rd8 Rf8 32. Rxf8+ Qxf8 33. Kg1 fxg2 34. Kxg2 Qf5 35. Qd8+ Kf7 36. Qc7+ Kf8 37. Qb8+ Kf7 38. Qb7+ Kf8 39. Qb8+ Kf7 40. Qc7+ Kf6 41. Qc6+ Kf7 42. Qb7+ Kf8 43. d6 Qg5+ 44. Kf3 Qf5+ 45. Kg2 Qg5+ 46. Kf3 Qf5+ 47. Ke2 Qe6+ 48. Kd2 Qxd6 1/2-1/2

[Event "Groningen"]
[Site "?"]
[Date "1996.??.??"]
[Round "?"]
[White "Onischuk, Al"]
[Black "Van Wely, L."]
[Result "0-1"]
[WhiteElo "2605"]
[BlackElo "2605"]
[PlyCount "56"]
[EventDate "1996.??.??"]
[Source "ChessBase"]
[SourceDate "1997.02.01"]

1. e4 c5 2. Nf3 d6 3. d4 cxd4 4. Nxd4 Nf6 5. Nc3 a6 6. f4 Qc7 7. Qf3 g6 8. Be3 b5 9. Bd3 Bb7 10. g4 b4 11. Nce2 Bg7 12. O-O-O Nbd7 13. g5 Nh5 14. Kb1 e5 15. fxe5 Nxe5 16. Qf1 d5 17. Nf4 Nxf4 18. Qxf4 O-O 19. Nb3 Rac8 20. exd5 Bxd5 21. Be4 Bxe4 22. Qxe4 Nc4 23. Bf4 Qb6 24. Bc1 Rfe8 25. Qd3 Qc7 26. Rhe1 Rxe1 27. Rxe1 Qxh2 28. Nc5 Qf2 0-1

[Event "Sofia tt"]
[Site "?"]
[Date "1993.??.??"]
[Round "?"]
[White "Spasov, V."]
[Black "Topalov, V."]
[Result "1/2-1/2"]
[WhiteElo "2540"]
[BlackElo "2670"]
[PlyCount "130"]
[EventDate "1993.??.??"]
[Source "www.chesslib.no"]
[SourceDate "2004.05.04"]

1. e4 c5 2. Nf3 d6 3. d4 cxd4 4. Nxd4 Nf6 5. Nc3 a6 6. f4 Nbd7 7. a4 g6 8. Bd3 Bg7 9. O-O O-O 10. Kh1 Nc5 11. Nf3 b6 12. Qe2 Bb7 13. Bd2 Rc8 14. Rae1 d5 15. e5 Nfe4 16. b4 Nxd3 17. Qxd3 e6 18. Ne2 Qd7 19. Ra1 Rc4 20. c3 Rfc8 21. Be1 Bc6 22. Qd1 Qe7 23. Qd3 Qe8 24. Qd1 Bd7 25. a5 bxa5 26. Rxa5 Bb5 27. Nfd4 f6 28. exf6 Bxf6 29. Rf3 Bxd4 30. Nxd4 Nxc3 31. Bxc3 Rxc3 32. Ra1 Qe7 33. Rxc3 Rxc3 34. Qe1 Rc4 35. Qe5 Bd7 36. h3 Qg7 37. Qb8+ Bc8 38. Rd1 Qc7 39. Qxc7 Rxc7 40. b5 axb5 41. Nxb5 Rc4 42. Nd4 Kg7 43. h4 Kf6 44. Kg1 e5 45. fxe5+ Kxe5 46. Nf3+ Kd6 47. Re1 Bf5 48. Re8 Be4 49. Ng5 h6 50. Nf7+ Kd7 51. Rh8 Rc1+ 52. Kh2 h5 53. Ng5 Bf5 54. Nf3 Rb1 55. Ra8 Rb4 56. Kg3 Kc7 57. Ra6 Rg4+ 58. Kf2 Be4 59. g3 Bd3 60. Rf6 Re4 61. Ng5 Re2+ 62. Kf3 Ra2 63. Ne6+ Kd7 64. Nd4 Be4+ 65. Kf4 Ra3 1/2-1/2

[Event "London"]
[Site "London"]
[Date "1984.??.??"]
[Round "?"]
[White "Nunn, John DM"]
[Black "Ribli, Zoltan"]
[Result "1/2-1/2"]
[WhiteElo "2600"]
[BlackElo "2610"]
[PlyCount "44"]
[EventDate "1984.04.??"]
[Source "ChessBase"]

1. e4 c5 2. Nf3 d6 3. d4 cxd4 4. Nxd4 Nf6 5. Nc3 a6 6. f4 e5 7. Nf3 Nbd7 8. a4 Be7 9. Bd3 O-O 10. O-O Nc5 11. Qe2 Nxd3 12. Qxd3 Qc7 13. f5 Bd7 14. Bg5 Bc6 15. Rad1 Rfd8 16. Bxf6 Bxf6 17. Kh1 Rac8 18. Qe3 h6 19. Rd3 b5 20. axb5 axb5 21. Rc1 Qb7 22. Nd5 Bxd5 1/2-1/2

[Event "Sufe Cup"]
[Site "Shanghai"]
[Date "2000.03.03"]
[Round "1"]
[White "Ye Jiangchuan"]
[Black "Bologan, Viktor"]
[Result "1/2-1/2"]
[WhiteElo "2616"]
[BlackElo "2589"]
[PlyCount "114"]
[EventDate "2000.03.03"]
[Source "ChessBase"]
[SourceDate "2000.05.31"]

1. e4 c5 2. Nf3 d6 3. d4 cxd4 4. Nxd4 Nf6 5. Nc3 a6 6. f4 Nc6 7. Nf3 Bg4 8. Be3 g6 9. h3 Bxf3 10. Qxf3 Bg7 11. Bd3 Nd7 12. O-O Qa5 13. Bd2 O-O 14. Kh1 e6 15. a3 Qc7 16. f5 b5 17. Bg5 Rfe8 18. f6 Bf8 19. Qf4 Nce5 20. Qh4 Reb8 21. Nd1 b4 22. Bh6 Qd8 23. Bxf8 Qxf8 24. axb4 Rxb4 25. c3 Rb6 26. Bc2 a5 27. b3 Rc6 28. Qg5 h6 29. Qd2 Kh7 30. Nb2 h5 31. c4 Qh6 32. Qf2 Qg5 33. Na4 h4 34. Rad1 Qg3 35. Qd4 Nc5 36. Nc3 a4 37. bxa4 Na6 38. Ne2 Qg5 39. Bb1 Nxc4 40. Rc1 Ne3 41. Rg1 Rxc1 42. Nxc1 Nc7 43. Qxd6 Ne8 44. Qd2 Kh6 45. e5 Nf5 46. Qxg5+ Kxg5 47. Bxf5 Kxf5 48. Nd3 Nc7 49. Re1 Rxa4 50. Rf1+ Kg5 51. Nc5 Rf4 52. Re1 Nb5 53. Ne4+ Kf5 54. g4+ hxg3 55. Nxg3+ Kg5 56. Rb1 Nd4 57. Rb7 Kh4 1/2-1/2

[Event "Marcussi Memorial"]
[Site "?"]
[Date "1996.??.??"]
[Round "?"]
[White "Johnson Maurice W"]
[Black "Kofidis Spyros"]
[Result "1-0"]
[WhiteElo "2615"]
[BlackElo "2590"]
[PlyCount "55"]
[EventDate "1996.??.??"]
[Source "www.chesslib.no"]
[SourceDate "2004.05.04"]

1. e4 c5 2. Nf3 d6 3. d4 cxd4 4. Nxd4 Nf6 5. Nc3 a6 6. f4 Qc7 7. Bd3 e5 8. Nf3 b5 9. O-O Nbd7 10. Qe1 Bb7 11. Kh1 g6 12. a4 b4 13. Nd1 Nc5 14. Nf2 Nh5 15. fxe5 dxe5 16. Bd2 Nxd3 17. Nxd3 a5 18. Nfxe5 f6 19. Ng4 Be7 20. c3 Rd8 21. Ndf2 O-O 22. cxb4 Qd6 23. Rd1 Qe6 24. bxa5 Rd4 25. Bc3 Rxa4 26. Qe3 Ba6 27. Rfe1 Rc4 28. e5 1-0